01319nam a2200301 i 4500001001000000003000900010005001700019007000300036008004100039020001500080040003000095082000700125100004400132245011500176264003700291300004500328336002700373337003300400338002800433490002900461504002800490590002600518942001400544952012300558952012800681952019100809999001701000000044163DO-SdBNP20240515122326.0ta140603s2003 dr a 000 0 spa d a9993476986 aDO-SdBNPbspacBNPHUerda 42221 aCassá, Roberto, d1948-910888eautor10aFrancisco Alberto Caamaño Deñó :bel gigante de abril /cRoberto Cassá ; ilustraciones, Ramiro Manzano aSanto Domingo :bTOBOGAN,c2003. a107 páginas :bilustraciones ;c21 cm. 2rdacontentatextobtxt 2rdamediaasin mediaciónbn 2rdacarrieravolumenbnc aBiografías Dominicanas aBibliografía : p. 107 aInventariado, 2024/BT 2ddccLBS1 00102ddc51708PDaBNPHUbBNPHUcCTd2014-06-03l0o BNPHU PD p44163-10r2020-06-25w2020-06-25yLBS1ZNo se presta 00102ddc51708PDaBNPHUbBNPHUcCTd2014-06-03l0oBNPHU PD p44163-20r2020-06-25te. 2w2020-06-25yLBS1ZNo se presta 00102ddc56708DSaBNPHUbBNPHUcCTd2024-05-15eDonaciónl0oBNPHU DS p2024-2976r2024-05-15te.3w2024-05-15yLBS1zPerteneció a la biblioteca personal de Emilio Cordero Michel. c43652d43652